| 000 | 00524cam a2200205ua 4500 | ||
|---|---|---|---|
| 020 | _c90.00 | ||
| 041 |
_aeng _h |
||
| 082 |
_a664.028 _bVOL/MO |
||
| 100 | _aVolkind , I N . | ||
| 245 |
_aModern potato and vegetable storage / _cI L Volkind. _hTextual Documents |
||
| 250 |
_a1 / _b. |
||
| 260 |
_aNew Delhi : _bAmerind Publishing Co Pvt Ltd , _c1983. |
||
| 300 | _a186 ; . | ||
| 365 | _a90.00 | ||
| 504 | _a | ||
| 700 | 1 | _aMukhanov, P A . | |
| 700 | 1 | _aRoslov, N N . | |
| 942 | _cBK | ||
| 999 |
_c9928 _d9928 |
||